Memorias de Luis Felipe de Orleans, ex-rey de los franceses, escritas por el mismo. (Record no. 99044)
[ view plain ]
| 000 -LEADER | |
|---|---|
| campo de control de longitud fija | 00573nam a2200169 i 4500 |
| 001 - NÚMERO DE CONTROL | |
| campo de control | 99044 |
| 003 - IDENTIFICADOR DE NÚMERO DE CONTROL | |
| campo de control | ES-MaACL |
| 007 - CAMPO FIJO DE DESCRIPCIÓN FÍSICA--INFORMACIÓN GENERAL | |
| campo de control de longitud fija | t| |
| 008 - DATOS DE LONGITUD FIJA--INFORMACIÓN GENERAL | |
| campo de control de longitud fija | 051111s1849 sp ||||1| spa d |
| 080 ## - NÚMERO DE LA CLASIFICACIÓN DECIMAL UNIVERSAL | |
| Número de la Clasificación Decimal Universal | 929 Luis Felipe (44) I |
| 100 1# - ENTRADA PRINCIPAL--NOMBRE DE PERSONA | |
| Nombre de persona | Luis Felipe |
| Numeración | I |
| Títulos y otros términos asociados al nombre | Rey de Francia. |
| 9 (RLIN) | 74690 |
| 245 10 - MENCIÓN DEL TÍTULO | |
| Título | Memorias de Luis Felipe de Orleans, ex-rey de los franceses, escritas por el mismo. |
| 260 ## - PUBLICACIÓN, DISTRIBUCIÓN, ETC. | |
| Lugar de publicación, distribución, etc. | Madrid : |
| Nombre del editor, distribuidor, etc. | [s.n.], |
| Fecha de publicación, distribución, etc. | 1849 ( |
| Fabricante | Impr. de A. Aguirre y compañía) |
| 300 ## - DESCRIPCIÓN FÍSICA | |
| Extensión | 176 p. ; |
| Dimensiones | 16 cm. |
| 600 14 - PUNTO DE ACCESO ADICIONAL DE MATERIA--NOMBRE DE PERSONA | |
| Nombre de persona | Luis Felipe |
| Numeración | I |
| Títulos y otros términos asociados al nombre | Rey de Francia. |
| 9 (RLIN) | 74690 |
| 852 ## - LOCALIZACIÓN | |
| Ubicación | ES-MaACL |
| Número de control de estantería | G-12792 |
| Sublocalización o colección | R.136591 |
| Estatus retirado | Estado de pérdida | Estado de daño | No para préstamo | Colección | Biblioteca de origen | Biblioteca actual | Ubicación en estantería | Fecha de adquisición | Fuente de adquisición | Total de préstamos | Signatura topográfica completa | Código de barras | Visto por última vez | Precio de reemplazo | Tipo de ítem Koha |
|---|---|---|---|---|---|---|---|---|---|---|---|---|---|---|---|
| Libros del s. XIX | Biblioteca del Ateneo de Madrid | Biblioteca del Ateneo de Madrid | Sala Pecera Planta 3 | 17/01/2008 | G-12792 | 1103405 | 23/02/2023 | 23/02/2023 | Libro impreso antiguo |
